Vzťah medzi monetárnou bázou a ponukou peňazí v eurozóne po vypuknutí finančnej krízy

Peňažná ekonomika. Základné vzťahy v peňažnej ekonomike. Rovnováha menovej bázy. Monetárna báza v eurozóne. Nástroje eurosystému. Počet monetárnych finančných inštitúcií v eurozóne. Analýza vývoja ponuky peňazí a monetárnej bázy v eurozóne (1999-2011).

Uložené v:
Podrobná bibliografia
Hlavný autor: Lábaj, Martin, 1982-
Médium: Kapitola
Jazyk:Slovak
Predmet:
Tagy: Pridať tag
Žiadne tagy, Buďte prvý, kto otaguje tento záznam!

MARC

LEADER 00000nla$a2200000$$$4500
001 0146536
005 20240502072638.0
041 0 |a slo 
044 |a SK 
245 1 0 |a Vzťah medzi monetárnou bázou a ponukou peňazí v eurozóne po vypuknutí finančnej krízy  |c Martin Lábaj 
520 |a Peňažná ekonomika. Základné vzťahy v peňažnej ekonomike. Rovnováha menovej bázy. Monetárna báza v eurozóne. Nástroje eurosystému. Počet monetárnych finančných inštitúcií v eurozóne. Analýza vývoja ponuky peňazí a monetárnej bázy v eurozóne (1999-2011). 
610 2 0 |a eurozóna 
610 2 0 |a mena 
610 2 0 |a peniaze 
610 2 0 |a kríza finančná 
100 1 |a Lábaj, Martin, 1982-